[Event "GER-chT WK U18 4th"]
[Site "Kiel"]
[Date "2008.06.02"]
[Round "7.7"]
[White "Behrend, Anke"]
[Black "Johnson, Mark"]
[Result "1-0"]
[WhiteElo "840"]
[BlackElo "1094"]
[PlyCount "101"]
[EventDate "2008.05.31"]
[EventType "team-swiss"]
[EventRounds "7"]
[EventCountry "GER"]
[SourceTitle "EXT 2010"]
[Source "ChessBase"]
[SourceDate "2010.11.25"]
[SourceVersion "1"]
[SourceVersionDate "2010.11.25"]
[SourceQuality "1"]

1. e4 e5 2. Bc4 Nc6 3. Nf3 Nf6 4. Nc3 Nxe4 5. Nxe4 d5 6. Bxd5 Qxd5 7. Nc3 Qa5 8. d3 Bb4 9. Bd2 Bxc3 10. Bxc3 Qb5 11. 0-0 0-0 12. d4 e4 13. a4 Qh5 14. Ne5 Qxd1 15. Raxd1 Nxe5 16. dxe5 Bg4 17. f3 exf3 18. gxf3 Bf5 19. Rd2 Rad8 20. Rfd1 Rc8 21. Bb4 c5 22. Ba3 b6 23. b4 c4 24. c3 Rfe8 25. f4 Bg4 26. Re1 f6 27. Kg2 fxe5 28. Rxe5 Rxe5 29. fxe5 Re8 30. a5 h6 31. Rd4 Be6 32. h4 Bf7 33. Rd6 bxa5 34. bxa5 Rxe5 35. Rd8+ Kh7 36. Bb4 Bd5+ 37. Kg3 Re3+ 38. Kf4 Rf3+ 39. Ke5 Bc6 40. Rc8 Bb5 41. Rf8 Rh3 42. Rf4 g5 43. hxg5 hxg5 44. Rf7+ Kg6 45. Rxa7 g4 46. Rb7 Rh5+ 47. Kf4 Rg5 48. Be7 g3 49. Bxg5 g2 50. Rb6+ Kh5 51. Rh6# 1-0